Central Library OPAC University of Rajshahi

Practical nucleonics : (Record no. 9239)

MARC details
000 -LEADER
fixed length control field 00784nam a22002411 4500
001 - CONTROL NUMBER
control field 9239
003 - CONTROL NUMBER IDENTIFIER
rucl marc code BD-RjUL
005 - DATE AND TIME OF LATEST TRANSACTION
control field 20211208234737.0
008 - FIXED-LENGTH DATA ELEMENTS--GENERAL INFORMATION
fixed length control field 140120r19641960enka 001 0 eng d
035 ## - SYSTEM CONTROL NUMBER
System control number (BD-RjUL)9284
040 ## - CATALOGING SOURCE
Original cataloging agency DLC/ICU
Transcribing agency ICU
Modifying agency DLC
-- BD-RjUL
Language of cataloging eng
041 ## - LANGUAGE CODE
Language code of text/sound track or separate title eng
082 00 - DEWEY DECIMAL CLASSIFICATION NUMBER
Classification number 539.7072
Author mark and year PEP 1964
Edition number 23
100 1# - MAIN ENTRY--PERSONAL NAME
Personal name Pearson, F. J.
Fuller form of name (Frederick John)
9 (RLIN) 28663
245 10 - TITLE STATEMENT
Title Practical nucleonics :
Remainder of title a course of experiments in nuclear physics /
Statement of responsibility, etc. by F.J. Pearson and R.R. Osborne.
260 ## - PUBLICATION, DISTRIBUTION, ETC. (IMPRINT)
Place of publication, distribution, etc. London :
Name of publisher, distributor, etc. E. & F.N. Spon,
Date of publication, distribution, etc. 1960.
300 ## - PHYSICAL DESCRIPTION
Pagination xvi, 208 p. :
Illustrations ill. ;
Size 22 cm.
504 ## - BIBLIOGRAPHY, ETC. NOTE
Bibliography, etc Includes index.
650 #0 - SUBJECT ADDED ENTRY--TOPICAL TERM
Topical term or geographic name as entry element Nuclear physics
General subdivision Experiments.
9 (RLIN) 28664
700 1# - ADDED ENTRY--PERSONAL NAME
Personal name Osborne, R. R.
Fuller form of name (Ronald Roy),
Relator term joint author.
942 ## - ADDED ENTRY ELEMENTS (KOHA)
Source of classification or shelving scheme Dewey Decimal Classification
Koha item type Books
Holdings
Lost status Source of classification or shelving scheme Damaged status Not for loan Collection code Permanent Location Current Location Shelving location Date acquired Source of acquisition Total Checkouts Full call number Date last seen Copy number Koha item type Cost, normal purchase price
  Dewey Decimal Classification     Non-fiction Central Library, University of Rajshahi Central Library, University of Rajshahi   03/02/1973 Britain Gift   539.7072 PEP 1964 20/01/2014 C-4 Books  
  Dewey Decimal Classification     Non-fiction Central Library, University of Rajshahi Central Library, University of Rajshahi   03/02/1973 Britain   539.7072 PEP 1964 09/11/2016 C-2 Books  
  Dewey Decimal Classification   Not For Loan Non-fiction Central Library, University of Rajshahi Central Library, University of Rajshahi Reading Room 03/02/1973     539.7072 PEP 1964 28/03/2017 C-1 Books 101.00
  Dewey Decimal Classification     Non-fiction Central Library, University of Rajshahi Central Library, University of Rajshahi   20/05/1968 Centre Asia scientific book programme   539.7072 PEP 1964 09/05/2017 C-3 Books  
  Dewey Decimal Classification     Non-fiction Central Library, University of Rajshahi Central Library, University of Rajshahi   08/02/1973 Britain   539.7072 PEP 1964 09/05/2017 C-5 Books  
  Dewey Decimal Classification     Non-fiction Central Library, University of Rajshahi Central Library, University of Rajshahi   08/02/1973 Britain   539.7072 PEP 1964 09/05/2017 C-6 Books  
  Dewey Decimal Classification     Non-fiction Central Library, University of Rajshahi Central Library, University of Rajshahi   08/02/1973 Britain   539.7072 PEP 1964 09/05/2017 C-7 Books